L'opinion des Francais sur leur logement.

Názory Francúzov na komfort sú viac-menej rozdelené, ale vznikli nové požiadavky na životné prostredie. Kvalita bytov sa zlepšuje vďaka novej výstavbe a ich obnove. Komfort sa všeobecne rozvíja. Názory nájomníkov podľa ankety. Domácnosti v parížskej oblasti akceptujú väčšie vzdialenosti medzi ubytov...

Ausführliche Beschreibung

Gespeichert in:
Bibliographische Detailangaben
1. Verfasser: Eenschooten, M.
Format: Buchkapitel
Sprache:Französisch
Schlagworte:
Tags: Tag hinzufügen
Keine Tags, Fügen Sie das erste Tag hinzu!

MARC

LEADER 00000naa a2200000 4500
001 r005328
005 20221125091524.1
041 0 |a fre 
044 |a FR 
245 1 0 |a L'opinion des Francais sur leur logement.  |c M. Eenschooten 
520 |a Názory Francúzov na komfort sú viac-menej rozdelené, ale vznikli nové požiadavky na životné prostredie. Kvalita bytov sa zlepšuje vďaka novej výstavbe a ich obnove. Komfort sa všeobecne rozvíja. Názory nájomníkov podľa ankety. Domácnosti v parížskej oblasti akceptujú väčšie vzdialenosti medzi ubytovaním a pracoviskom. Želajú si presťahovať sa kvôli väčšiemu a individuálnemu bytu. 
610 2 0 |a ankety 
610 2 0 |a byty 
610 2 0 |a bývanie 
610 2 0 |a Francúzsko 
610 2 0 |a prostredie životné 
610 2 0 |a dochádzka do práce 
610 2 0 |a domácnosti 
610 2 0 |a Paríž 
610 2 0 |a údaje štatistické 
100 1 |a Eenschooten, M.